Collins English dictionary. (Record no. 1506)

MARC details
000 -LEADER
fixed length control field 00986cam a2200289 a 4500
001 - CONTROL NUMBER
control field 3532612
003 - CONTROL NUMBER IDENTIFIER
control field OSt
005 - DATE AND TIME OF LATEST TRANSACTION
control field 20230620092419.0
008 - FIXED-LENGTH DATA ELEMENTS--GENERAL INFORMATION
fixed length control field 960517s1994 stk bd 000 0 eng
010 ## - LIBRARY OF CONGRESS CONTROL NUMBER
LC control number 96149756
020 ## - INTERNATIONAL STANDARD BOOK NUMBER
International Standard Book Number 0004706781 (standard ed.)
020 ## - INTERNATIONAL STANDARD BOOK NUMBER
International Standard Book Number 0004706773 (thumbindexed ed.)
020 ## - INTERNATIONAL STANDARD BOOK NUMBER
International Standard Book Number 0004706765 (luxury ed.)
040 ## - CATALOGING SOURCE
Original cataloging agency DLC
Transcribing agency DLC
050 00 - LIBRARY OF CONGRESS CALL NUMBER
Classification number PE1628
Item number .C549 1994
082 00 - DEWEY DECIMAL CLASSIFICATION NUMBER
Classification number 423
Edition number 20
Item number COL
245 00 - TITLE STATEMENT
Title Collins English dictionary.
250 ## - EDITION STATEMENT
Edition statement 3rd ed. updated.
260 ## - PUBLICATION, DISTRIBUTION, ETC. (IMPRINT)
Place of publication, distribution, etc. Glasgow :
Name of publisher, distributor, etc. HarperCollins Publishers,
Date of publication, distribution, etc. 1994.
300 ## - PHYSICAL DESCRIPTION
Extent xxxi, 1791 p. ;
Dimensions 27 cm.
500 ## - GENERAL NOTE
General note Rev. ed. of: Collins dictionary of the English language. 1979.
504 ## - BIBLIOGRAPHY, ETC. NOTE
Bibliography, etc Includes bibliographical references (p. xxxi).
650 #0 - SUBJECT ADDED ENTRY--TOPICAL TERM
Topical term or geographic name as entry element English language
Form subdivision Dictionaries.
906 ## - LOCAL DATA ELEMENT F, LDF (RLIN)
a 7
b cbc
c orignew
d 2
e ncip
f 19
g y-gencatlg
942 ## - ADDED ENTRY ELEMENTS (KOHA)
Source of classification or shelving scheme Dewey Decimal Classification
Koha item type Books
Holdings
Withdrawn status Lost status Source of classification or shelving scheme Damaged status Not for loan Home library Current library Date acquired Total Checkouts Full call number Barcode Date last seen Price effective from Koha item type
    Dewey Decimal Classification     Bunge Tower Library Bunge Tower Library 06/20/2023   423 COL 100032 06/20/2023 06/20/2023 Books
    Dewey Decimal Classification     Bunge Tower Library Bunge Tower Library 06/20/2023   423 COL 10014589 06/20/2023 06/20/2023 Books
    Dewey Decimal Classification     Bunge Tower Library Bunge Tower Library 06/20/2023   423 COL 10014818 06/20/2023 06/20/2023 Books
    Dewey Decimal Classification     Bunge Tower Library Bunge Tower Library 06/20/2023   423 COL 10014341 06/20/2023 06/20/2023 Books
LIBRARY OPENING HOURS

When the Parliament is sitting: 8.00a.m - 7.00p.m or until the house adjourns
Mondays and Fridays and when the House is on Recess:  8.00a.m - 5.00p.m
Closed on Weekends and Public Holidays

Online Public Access Catalog (OPAC)
Website: http://www.parliament.go.ke
Bunge Library: https://libraryir.parliament.go.ke
Contact: library@parliament.go.ke | Tel no: (254-2)2221291 or 2848000 Ext 5043